Người nông dân Nga trong " Chiến tranh và hòa bình " của Liev Tolstoy Luận văn tốt nghiệp Đại học Sư phạm ngành Văn Khóa 02
保存先:
| 第一著者: | |
|---|---|
| フォーマット: | 図書 |
| 言語: | Undetermined |
| 主題: | |
| タグ: |
タグ追加
タグなし, このレコードへの初めてのタグを付けませんか!
|
| Thư viện lưu trữ: | Trung tâm Học liệu Trường Đại học Cần Thơ |
|---|
| LEADER | 00558nam a2200145Ia 4500 | ||
|---|---|---|---|
| 001 | CTU_26769 | ||
| 008 | 210402s9999 xx 000 0 und d | ||
| 082 | |a 809 | ||
| 082 | |b D121/1981 | ||
| 100 | |a Trần Thị Trung Dân | ||
| 245 | 0 | |a Người nông dân Nga trong " Chiến tranh và hòa bình " của Liev Tolstoy | |
| 245 | 0 | |b Luận văn tốt nghiệp Đại học Sư phạm ngành Văn Khóa 02 | |
| 245 | 0 | |c Trần Thị Trung Dân | |
| 650 | |a fiction, theory of | ||
| 980 | |a Trung tâm Học liệu Trường Đại học Cần Thơ | ||